| 000 | 00421 a2200133 4500 | ||
|---|---|---|---|
| 005 | 20250603125203.0 | ||
| 020 | _a978-0-470-90355-1 | ||
| 082 | _aLECT 658 GRI | ||
| 100 | _aGRIFFITH, T. L. | ||
| 245 | _aThe Plugged-In Manager: Get in Tune with Your People, Technology, and Organization to Thrive. | ||
| 260 |
_aHoboken, _bJossey-Bass, _c2012. |
||
| 300 |
_axiii, 198p.: ill.; figure, table _bIndex _c23cm. |
||
| 942 |
_2ddc _cBKS |
||
| 999 |
_c3108 _d3108 |
||